Nonnegative matrices, positive operators and applications (Record no. 755068)

MARC details
000 -LEADER
fixed length control field 00427nam a22001577a 4500
020 ## - INTERNATIONAL STANDARD BOOK NUMBER
ISBN 9789812839176
100 ## - MAIN ENTRY--AUTHOR NAME
Personal name Ding, Jiu
245 ## - TITLE STATEMENT
Title Nonnegative matrices, positive operators and applications
260 ## - PUBLICATION, DISTRIBUTION, ETC. (IMPRINT)
Place of publication Singapore
Name of publisher World scientific
Year of publication 2009
300 ## - PHYSICAL DESCRIPTION
Number of Pages xvi+345
650 ## - SUBJECT ADDED ENTRY--TOPICAL TERM
Topical Term Matrix theory
650 ## - SUBJECT ADDED ENTRY--TOPICAL TERM
Topical Term Ergodic theory
700 ## - ADDED ENTRY--PERSONAL NAME
Personal name Zhou, Aihui
942 ## - ADDED ENTRY ELEMENTS (KOHA)
Source of classification or shelving scheme Dewey Decimal Classification
Koha item type Book
Holdings
Withdrawn status Lost status Source of classification or shelving scheme Damaged status Not for loan Collection code Home Library Current Location Shelving location Date acquired Source of acquisition Cost, normal purchase price Full call number Accession Number Price effective from Koha item type
    Dewey Decimal Classification     Gift or donation Dept. of Mathematics Dept. of Mathematics General Stacks 08/01/2026 Donated by Dr. Krishna Kumar G on the completion of SERB sponsored project (UO. No: Ad.F1/1373/2021 dated 22/01/2024) 8046.40 512.943 DIN-N MATG250 14/01/2026 Book